| 000 | 00949nas a2200301 4500 | ||
|---|---|---|---|
| 001 | BR2011004264 | ||
| 003 | BR-BrBNA | ||
| 005 | 20231205115049.0 | ||
| 007 | ta | ||
| 008 | 230509b bl.|||p| |||| 00| 00por d | ||
| 040 |
_aBR-BrBNA _bpor _cBiblioteca Nacional de Agricultura |
||
| 041 | _a(Pt) | ||
| 072 | _aE80 | ||
| 100 | 1 | _aDabague, I.C.M. | |
| 100 | 1 | _aDeschamps, C. | |
| 100 | 1 | _aMógor, A.F. | |
| 100 | 1 | _aScheer, A.P. | |
| 100 | 1 | _aCôcco, L. | |
| 245 | 1 | _aTeor e composição de óleo essencial de rizomas de gengibre (Zingiber officinale Roscoe)após diferentes períodos de secagem | |
| 650 | _aGENGIBRE | ||
| 650 | _aÓLEO ESSENCIAL | ||
| 650 | _aCOMPOSIÇÃO QUÍMICA | ||
| 650 | _aRIZOMA | ||
| 650 | _aPLANTA MEDICINAL | ||
| 773 | 0 |
_tRevista Brasileira de Plantas Medicinais (Brazil) _xISSN 1516-0572 _g(Feb 2011), v. 13(1) p. 79-84 _wBR2011004264 |
|
| 909 |
_a202311 _bLúcia _c55 _dLúcia Elande |
||
| 942 |
_2AGRIS _n0 _cANA |
||
| 999 |
_c211905 _d211905 |
||